What the general practitioner ought to know about human actinomycosis /

Bibliographic Details
Main Author: Cope, Zachary, 1881-1974 (Author)
Corporate Author: ScienceDirect (Online service)
Format: eBook
Language:English
Published: London : William Heinemann Medical Books Ltd., 1952.
Subjects:
Online Access:Connect to the full text of this electronic book

MARC

Tag First Indicator Second Indicator Subfields
LEADER 00000cam a2200000 i 4500
001 in00005756097
005 20260326210325.4
006 m o d
007 cr cnu---unuuu
008 140925s1952 enka o 001 0 eng d
040 |a OPELS  |b eng  |e rda  |e pn  |c OPELS  |d OCLCF  |d OCLCQ  |d OCLCO  |d OCLCQ  |d OCLCO  |d OCLCL 
020 |a 9781483167190  |q (electronic bk.) 
020 |a 1483167194  |q (electronic bk.) 
035 |a (OCoLC)891329115 
050 4 |a RC120  |b .C782 1952eb 
082 0 4 |a 616.9/69  |2 23 
049 |a TXAM 
100 1 |a Cope, Zachary,  |d 1881-1974,  |e author.  |1 https://id.oclc.org/worldcat/entity/E39PBJrWyVQDyBphb4bxHvgMyd 
245 1 0 |a What the general practitioner ought to know about human actinomycosis /  |c by V. Zachary Cope, M.S., F.R.S.C., consulting surgeon, St. Mary's Hospital and the Bolingbroke Hospital. 
246 3 0 |a Human actinomycosis 
264 1 |a London :  |b William Heinemann Medical Books Ltd.,  |c 1952. 
300 |a 1 online resource (vii, 77 pages) :  |b color illustrations 
336 |a text  |b txt  |2 rdacontent 
337 |a computer  |b c  |2 rdamedia 
338 |a online resource  |b cr  |2 rdacarrier 
500 |a Includes index. 
588 0 |a Online resource; title from PDF information screen (Elsevier, viewed September 25, 2014). 
650 0 |a Actinomycosis. 
650 2 |a Actinomycosis 
650 6 |a Actinomycose. 
650 7 |a Actinomycosis  |2 fast 
655 7 |a Electronic books.  |2 local 
710 2 |a ScienceDirect (Online service) 
776 0 8 |i Print version:  |a Cope, Zachary, 1881-1974.  |t What the general practitioner ought to know about human actinomycosis.  |d London, Heinemann, 1952  |w (OCoLC)14651182 
856 4 0 |u http://proxy.library.tamu.edu/login?url=https://www.sciencedirect.com/science/book/9781483167190  |z Connect to the full text of this electronic book  |t 0 
955 |a Elsevier ScienceDirect 2026-2027 
994 |a 92  |b TXA 
999 f f |i 6c5bef2e-1bcf-4716-8b2f-b92133dd228c  |s 7d95f7c8-c0da-4afd-94d9-119a08b1eb1f  |t 0 
952 f f |a Texas A&M University  |b College Station  |c Electronic Resources  |s www_evans  |d Available Online  |t 0  |e RC120 .C782 1952eb  |h Library of Congress classification 
998 f f |a RC120 .C782 1952eb  |t 0  |l Available Online